La parálisis recurrencial curativa, su éxito curativo y la ley de Semons y Rosenbach / (Record no. 90705)

MARC details
000 -LEADER
campo de control de longitud fija 00748nam a2200181 i 4500
001 - NÚMERO DE CONTROL
campo de control 90705
003 - IDENTIFICADOR DE NÚMERO DE CONTROL
campo de control ES-MaACL
005 - FECHA Y HORA DE LA ÚLTIMA TRANSACCIÓN
campo de control 20230906180534.0
007 - CAMPO FIJO DE DESCRIPCIÓN FÍSICA--INFORMACIÓN GENERAL
campo de control de longitud fija t|
008 - DATOS DE LONGITUD FIJA--INFORMACIÓN GENERAL
campo de control de longitud fija 050124s1924 sp ||||1| spa d
100 1# - ENTRADA PRINCIPAL--NOMBRE DE PERSONA
Nombre de persona Leichsenring
Títulos y otros términos asociados al nombre Dr.
9 (RLIN) 71372
245 13 - MENCIÓN DEL TÍTULO
Título La parálisis recurrencial curativa, su éxito curativo y la ley de Semons y Rosenbach /
Mención de responsabilidad, etc. por el Dr. Leichsenring ; [traducción de García Mingarro].
260 ## - PUBLICACIÓN, DISTRIBUCIÓN, ETC.
Lugar de publicación, distribución, etc. Madrid :
Nombre del editor, distribuidor, etc. [s.n.],
Fecha de publicación, distribución, etc. [1924] (
Fabricante Talleres Poligráficos)
300 ## - DESCRIPCIÓN FÍSICA
Extensión 42 p. ;
Dimensiones 21 cm.
500 ## - NOTA GENERAL
Nota general En la cubierta: Publicado en "Los Progresos de la Clínica", tomo XXVII, número 145, enero de 1924.
700 1# - ENTRADA AGREGADA--NOMBRE PERSONAL
Nombre de persona García Mingarro
Títulos y otros términos asociados al nombre , Dr.
9 (RLIN) 149262
852 ## - LOCALIZACIÓN
Ubicación ES-MaACL
Número de control de estantería 1667-F-7
Nota libre .-Dedicatoria manuscrita del traductor
Holdings
Estatus retirado Estado de pérdida Estado de daño No para préstamo Colección Biblioteca de origen Biblioteca actual Ubicación en estantería Fecha de adquisición Fuente de adquisición Total de préstamos Signatura topográfica completa Código de barras Visto por última vez Precio de reemplazo Tipo de ítem Koha
        Colección de folletos Biblioteca del Ateneo de Madrid Biblioteca del Ateneo de Madrid Depósito folletos 17/01/2008     1667-F-7 1094710 23/02/2023 23/02/2023 Folleto